000 01099cab a2200253 4500
001 WB3314-56
008 090401t1997 xxu||||| |||| 00| 0 eng d
035 _a(Sirsi) u77527
041 _aeng
245 _aNotice to quit
260 _c1997
350 _a0
490 _aEstates Gazette Case Summaries
_v[1997] EGCS 40 (29/3/97)
520 _a"Wallace v C Brian Barratt & Son Ltd" CA 19 March 1997. Agricultural tenancy with covenant not to share occupation. Tenant subcontracted farming operations to farming partnership. Landlord served notice to quit. Decision whether the farming operations of the partnership amounted to occupation. Arbitrator and judge found for tenant. Landlord`s appeal dismissed.
650 _aAGRICULTURAL HOLDINGS
650 _aMANAGEMENT-DISPUTE AVOIDANCE, MANAGEMENT AND RESOLUTION-DISPUTE MANAGEMENT AND RESOLUTION-ARBITRATION
650 _aCOVENANT
650 _aFARMING PARTNERSHIP
650 _aNOTICE TO QUIT
650 _aOCCUPATION OF LAND
690 _aLANDLORD AND TENANT-CASE LAW-AGRICULTURAL TENANCIES
942 _n0
948 _c03/04/1997
999 _c48746
_d48746